The bulk transfer of dangerous liquids and gases : between ship and shore.

Published: [Place of publication not identified]: Health and Safety Executive (HSE), 1999.
Edition:2nd ed.
Subjects:
LEADER 00899cam a2200265 7i4500
001 0000034662
005 20220220090000.0
008 220220t19991999no a ### #00001eng##
020 # # |a 0717616444  
020 # # |a 9780717616442  
040 # # |a UMT 
090 0 0 |a VM 393   |b .B7 1999 
245 0 4 |a The bulk transfer of dangerous liquids and gases :   |b between ship and shore. 
250 # # |a 2nd ed. 
264 # 1 |a [Place of publication not identified]:   |b Health and Safety Executive (HSE),   |c 1999. 
264 # 0 |c ♭1999. 
300 # # |a iv, 72 pages:   |b illustrations;   |c 24 cm. 
336 # # |a text  |2 rdacontent 
337 # # |a unmediated  |2 rdamedia 
338 # # |a volume  |2 rdacarrier 
504 # # |a Includes bibliographical 
590 # # |a Perpustakaan Sultanah Nur Zahirah 
650 0 0 |a Bulk carrier cargo ships  
650 0 0 |a Liquefied gases --   |x Transportation  
999 |a 1100021661  |b Book  |c Koleksi Maritim  |e KOLEKSI MARITIM